|
|
|
|
| LEADER |
01265nam a2200241 a 4500 |
| 001 |
00025896 |
| 008 |
120903s2012 bg ab 000 0 eng d |
| 999 |
|
|
|c 12779
|d 12779
|
| 020 |
|
|
|a 9789843355263 (pbk.)
|
| 040 |
|
|
|a BD-DhAAL
|c BD-DhAAL.
|
| 082 |
0 |
0 |
|a 307.14095492
|2 22.
|
| 100 |
1 |
|
|a Ashraf, Kazi Khaleed.
|9 32032
|
| 245 |
1 |
0 |
|a Designing Dhaka :
|b a manifesto for a better city /
|c Kazi Khaleed Ashraf.
|
| 260 |
|
|
|a Dhaka :
|b Loka Press,
|c c2012
|
| 300 |
|
|
|a 270 p. :
|b ill. maps;
|c 24 cm.
|
| 526 |
|
|
|a ARC
|
| 541 |
|
|
|e 00025896
|
| 650 |
|
0 |
|a Urbanization
|z Bangladesh.
|9 32033
|
| 852 |
4 |
|
|a Ayesha Abed Library
|j General shelf.
|
| 942 |
|
|
|2 ddc
|c BK
|
| 952 |
|
|
|0 0
|1 0
|2 ddc
|4 0
|6 307_140954920000000_ASH
|7 0
|9 21045
|a IGS
|b IGS
|c GEN
|d 2012-09-03
|e Saiful Haque
|g 1500.00
|l 1
|m 3
|o 307.14095492 ASH
|p 3010025896
|r 2014-06-09
|s 2012-12-31
|t 1
|w 0000-00-00
|y BK
|x Available
|
| 952 |
|
|
|0 0
|1 0
|2 ddc
|4 0
|6 307_140954920000000_ASH
|7 0
|9 21046
|a IGS
|b IGS
|c GEN
|d 2012-09-03
|e Saiful Haque
|g 1500.00
|l 1
|m 3
|o 307.14095492 ASH
|p 3010025897
|r 2014-06-09
|s 2012-12-31
|t 2
|w 0000-00-00
|y BK
|x Available
|
| 952 |
|
|
|0 0
|1 0
|2 ddc
|4 0
|6 307_140954920000000_ASH
|7 0
|9 24293
|a BRACUL
|b BRACUL
|c GEN
|d 2014-05-07
|e Zeenat Book Supply Limited
|g 1350.00
|l 4
|m 15
|o 307.14095492 ASH
|p 3010028019
|q 2026-07-28
|r 2025-11-23
|s 2025-11-23
|t 3
|w 2014-05-07
|y BK
|